Odpadové vody ako možný zdroj informácii o šírení sa ochorenia COVID-19 v populácii Slovenska

Guardado en:
Detalles Bibliográficos
Autor principal: Krivjanská, Anna (Autor)
Otros Autores: Mackuľak, Tomáš (Orientador)
Formato: Manuscrito Libro
Lenguaje:eslovaco
Publicado: 2025
Materias:
Acceso en línea:http://is.stuba.sk/zp/portal_zp.pl?podrobnosti=159285
Etiquetas: Agregar Etiqueta
Sin Etiquetas, Sea el primero en etiquetar este registro!

MARC

LEADER 00000ntm a22000003a 4500
001 stuzp76319
003 SK-STU
005 20250830210314.8
007 ta
008 150427s2015----xo-----f-mn---000-0-slo-d
040 |a STU  |b slo 
041 0 |a slo 
100 1 |a Krivjanská, Anna  |u 046290  |k Z9  |4 aut  |U FCHPT Ústav chemického a environmentálneho inžinierstva  |T FCHPT Oddelenie environmentálneho inžinierstva  |X 45315  |U C6290  |Y 120  |7 45315 
242 0 1 |a Wastewater as a possible source of information on the spread of COVID-19 in the population of Slovakia  |y eng 
245 1 0 |a Odpadové vody ako možný zdroj informácii o šírení sa ochorenia COVID-19 v populácii Slovenska 
260 |c 2025 
650 4 |a Wastewater-Based Epidemiology  |2 slo 
650 4 |a COVID-19  |2 slo 
650 4 |a genetické sekvenovanie  |2 slo 
650 4 |a verejné zdravie  |2 slo 
650 4 |a SARS-CoV-2  |2 slo 
650 4 |a genetic sequencing  |2 eng 
650 4 |a Wastewater-Based Epidemiology  |2 eng 
650 4 |a COVID-19  |2 eng 
650 4 |a public health  |2 eng 
650 4 |a SARS-CoV-2  |2 eng 
700 1 |a Mackuľak, Tomáš  |u 046290  |k Z1  |4 ths  |U FCHPT Ústav chemického a environmentálneho inžinierstva  |T FCHPT Oddelenie environmentálneho inžinierstva  |X 25433  |U C6290  |Y 120  |7 A000025433 
856 4 |u http://is.stuba.sk/zp/portal_zp.pl?podrobnosti=159285